Score 0/57 Timer 14:00
5 Plays Today
Year & Genre(s) Movie % Correct
1976: SportsRocky
89.3%
1981: Action/AdventureRaiders of the Lost Ark
87.1%
2007: AnimatedRatatouille
85.1%
1985: Action/AdventureRambo: First Blood Part II
80.6%
1988: DramaRain Man
76.4%
1973: AnimatedRobin Hood
73.2%
1987: ActionRobocop
72%
1980: SportsRaging Bull
71.7%
2004: BiopicRay
70.1%
1996: RomanceRomeo + Juliet
69.6%
1998: ComedyRush Hour
69.4%
1955: DramaRebel Without a Cause
69.3%
2002: HorrorThe Ring
64.7%
1968: HorrorRosemary's Baby
63.7%
1993: SportsRudy
57.7%
1954: ThrillerRear Window
57.4%
1984: ComedyRevenge of the Nerds
56.3%
2002: ThrillerRed Dragon
55.8%
2009: JourneyThe Road
55.3%
2000: SportsRemember the Titans
52.3%
1987: ComedyRaising Arizona
51.7%
1977: AnimatedThe Rescuers
51.6%
1953: RomanceRoman Holiday
46.2%
2000: Sports/DramaThe Replacements
44.7%
1983: ComedyRisky Business
44.1%
2000: DramaRequiem for a Dream
43.9%
1936: CultReefer Madness
43.7%
2001: ComedyRat Race
42.5%
1993: SportsRookie of the Year
42.5%
Year & Genre(s) Movie % Correct
1998: DramaRounders
42.3%
1987: ActionThe Running Man
41.7%
1984: ActionRed Dawn
41.2%
2005: MusicalRent
40.4%
2000: SciFiRed Planet
40.3%
2008: DramaThe Reader
40.1%
1981: ActionThe Road Warrior
38%
2001: MusicRock Star
37.8%
1998: ComedyRushmore
36.4%
2008: DramaRevolutionary Road
33%
1940: MysteryRebecca
32.6%
1948: ThrillerRope
31.7%
1983: HistoryThe Right Stuff
31.3%
1994: FamilyRichie Rich
30.8%
1998: ActionRun Lola Run
28.5%
1994: ComedyReality Bites
28.3%
2002: ActionReign of Fire
28%
1997: CourtroomThe Rainmaker
26.4%
2010: ActionRepo Men
26.3%
1955/95: DramaRichard III
24.4%
1985: WarRan
24%
1995: ActionRob Roy
23%
1987: ComedyRadio Days
20.2%
1989:DocumentaryRoger & Me
19.1%
1950: DramaRashomon
16.3%
1997: CreatureThe Relic
12.6%
1992: CrimeRomper Stomper
11.8%
2008: HorrorThe Ruins
8.8%

You're not logged in!

Compare scores with friends on all Sporcle quizzes.
OR
Log In

Sporcle TV

Today on Sporcle TV


Watch our educational content, quiz creation guides, and fun videos on Sporcle TV.

Show Comments

Extras

Top Quizzes Today


Score Distribution

Paid Content

Your Account Isn't Verified!

In order to create a playlist on Sporcle, you need to verify the email address you used during registration. Go to your Sporcle Settings to finish the process.

Report this User

Report this user for behavior that violates our Community Guidelines.

Details: